Σήματα Ομάδων Μπάσκετ Α'1 - Statistics

General Stats
  • This quiz has been taken 36 times
  • The average score is 10 of 12
Answer Stats
Picture Answer % Correct
ΑΕΚ
100%
Άρης
97%
Ολυμπιακός
97%
Παναθηναϊκός
97%
ΠΑΟΚ
94%
Πανιώνιος
90%
Κολοσσός Ρόδου
84%
Περιστέρι
84%
Προμηθέας
77%
Καρδίτσα
68%
Μαρούσι
68%
Λαύριο
61%
No matching quizzes found
Score Distribution
Percent of People with Each Score
Percentile by Number Answered
Your Score History
You have not taken this quiz